00551cam a22002291 4500001001300000003000400013005001700017008004100034010001700075025001900092035002000111040002100131042001200152050001800164100002700182245003100209260001100240300001900251500001300270650002100283999001700304sa 68003279 DLC20260227112451.0940728s1967 ii 000 0 urdo  asa 68003279  aPL480:I-U-1993 a(OCoLC)30844762 aDLCcCUdCUdDLC apremarc00aPK2156b.H8841 aHussain, Anwar,d1924-10aTanqīdī mut̤āliʻe. c[1967] a126 p.c19 cm. aIn Urdu. 0aUrdu literature. c79361d79361